Áp dụng phương pháp phần tử hữu hạn giải một số bài toán tĩnh và động của vật rắn có biến dạng phức tạp : Luận án Tiến sĩ Toán học- Chuyên ngành: Cơ học vật thể rắn biến dạng
Kaydedildi:
| Yazar: | |
|---|---|
| Materyal Türü: | Luận văn |
| Dil: | Undetermined |
| Baskı/Yayın Bilgisi: |
Đại học Khoa học Tự nhiên Tp. Hồ Chí Minh
2005
|
| Konular: | |
| Etiketler: |
Etiketle
Etiket eklenmemiş, İlk siz ekleyin!
|
| Thư viện lưu trữ: | Trung tâm Thư viện - Trường Đại học Công nghiệp TP. Hồ Chí Minh |
|---|
| LEADER | 00772nam a2200157Ia 4500 | ||
|---|---|---|---|
| 001 | UIH_01765 | ||
| 008 | 230809s9999 xx 000 0 und d | ||
| 082 | |a 510 | ||
| 100 | |a Nguyễn, Phú Vinh | ||
| 245 | 0 | |a Áp dụng phương pháp phần tử hữu hạn giải một số bài toán tĩnh và động của vật rắn có biến dạng phức tạp : Luận án Tiến sĩ Toán học- Chuyên ngành: Cơ học vật thể rắn biến dạng | |
| 245 | 0 | |c Nguyễn, Phú Vinh | |
| 260 | |b Đại học Khoa học Tự nhiên Tp. Hồ Chí Minh | ||
| 260 | |c 2005 | ||
| 650 | |a Toán học | ||
| 927 | |a Luận văn | ||
| 980 | |a Trung tâm Thư viện - Trường Đại học Công nghiệp TP. Hồ Chí Minh | ||